000 00429nam a2200157 a 4500
001 000044174
005 20201002045208.0
008 140603s2011 dr 000 0 spa d
020 _a9993432038
040 _aDO-SdBNP
_bspa
_cBNPHU
100 1 _aEspinal, Juan Carlos
_931865
245 1 0 _aBiografias patrias /
_cJuan Carlos Espinal.
250 _a2a. ed.
260 _aSanto Domingo :
_bArgos,
_c2011.
300 _a90 p. ;
_c26 cm.
999 _c43663
_d43663